000 00397 a2200169 4500
003 Nust
005 20170207153434.0
020 _a0340654287
040 _cNust
082 _a813.54
100 _aKing, Stephen
245 _aDesperation
_cStephen King,
260 _aNew English Library
_bHodder & Stoughton
_c1996
300 _a720 p
_billus
_c18 cm
600 _aKing, Stephen
650 _aDesperation
942 _2ddc
_cBK
999 _c186236
_d186236